| 000 | 00593nam a22001577a 4500 | ||
|---|---|---|---|
| 003 | OSt | ||
| 005 | 20151002171332.0 | ||
| 008 | 151002b xxu||||| |||| 00| 0 eng d | ||
| 040 | _cRUA | ||
| 082 | _aAVM ប្រាក់ 1995 B068 Or.1 | ||
| 100 |
_91818 _aប្រាក់ សំណាងសិទ្ធិគុណ |
||
| 245 | _aការចិញ្ចឹមជ្រូកយកសាច់នៅមជ្ឍមណ្ឌលចិញ្ចឹមជ្រូកពូជគីឡូម៉ែត១១ | ||
| 260 |
_aPhnom Penh _bRUA _c1995 |
||
| 300 |
_a43p. _bill. _c1995 |
||
| 942 |
_2ddc _cAVM |
||
| 999 |
_c1716 _d1716 |
||